Professional negligence and insurance law. (Record no. 102452)

MARC details
000 -LEADER
fixed length control field 01200cam a2200301 4500
008 - FIXED-LENGTH DATA ELEMENTS--GENERAL INFORMATION
fixed length control field #DATE n 000 0 eng u
020 ## - INTERNATIONAL STANDARD BOOK NUMBER
International Standard Book Number 1859785859
035 ## - SYSTEM CONTROL NUMBER
System control number (Sirsi) u119972
041 ## - LANGUAGE CODE
Language code of text/sound track or separate title eng
050 ## - LIBRARY OF CONGRESS CALL NUMBER
Classification number 346.41032
110 ## - MAIN ENTRY--CORPORATE NAME
Corporate name or jurisdiction name as entry element Neil F. Jones and Co.
9 (RLIN) 606
245 ## - TITLE STATEMENT
Title Professional negligence and insurance law.
250 ## - EDITION STATEMENT
Edition statement 2nd ed.
260 ## - PUBLICATION, DISTRIBUTION, ETC.
Place of publication, distribution, etc. London
Name of publisher, distributor, etc. Lloyd`s of London Press
Date of publication, distribution, etc. 1994
Date of manufacture (1999 printing)
300 ## - PHYSICAL DESCRIPTION
Extent xxi,177p.
Dimensions 24cm.
350 ## - PRICE (NR) (BK AM CF MU VM SE) [OBSOLETE]
Price 35
490 ## - SERIES STATEMENT
Series statement Lloyds List Practical Guides
520 ## - SUMMARY, ETC.
Summary, etc. A new edition of a work that looks at the liability and responsibility of professionals to their clients and to third parties in the light of the increase in litigation in recent years. Includes a chapter on the liability of surveyors and appendices covering the RICS professional indemnity insurance collective policy and guidance on mortgage valuations.
650 ## - SUBJECT ADDED ENTRY--TOPICAL TERM
Topical term or geographic name entry element ARCHITECTS
650 ## - SUBJECT ADDED ENTRY--TOPICAL TERM
Topical term or geographic name entry element ENGINEERS
650 ## - SUBJECT ADDED ENTRY--TOPICAL TERM
Topical term or geographic name entry element LIABILITY
650 ## - SUBJECT ADDED ENTRY--TOPICAL TERM
Topical term or geographic name entry element PROFESSIONAL INDEMNITY INSURANCE
650 ## - SUBJECT ADDED ENTRY--TOPICAL TERM
Topical term or geographic name entry element PROFESSIONAL NEGLIGENCE
650 ## - SUBJECT ADDED ENTRY--TOPICAL TERM
Topical term or geographic name entry element SURVEYORS
690 ## - LOCAL SUBJECT ADDED ENTRY--TOPICAL TERM (OCLC, RLIN)
Topical term or geographic name as entry element MANAGEMENT-BUSINESS MANAGEMENT-PROFESSIONAL PRACTICE
700 ## - ADDED ENTRY--PERSONAL NAME
Personal name Brown, Jeffrey C.
International Standard Serial Number Editor
942 ## - ADDED ENTRY ELEMENTS (KOHA)
Suppress in OPAC 0
Holdings
Withdrawn status Lost status Source of classification or shelving scheme Damaged status Not for loan Home library Current library Shelving location Date acquired Total Checkouts Full call number Barcode Date last seen Date last checked out Copy number Price effective from Koha item type
    Dewey Decimal Classification     London London Books 02/10/2002 7 346.41032 JON 30066763 06/08/2019 14/05/2007 1 06/08/2019 Book